| Tag |
First Indicator |
Second Indicator |
Subfields |
| LEADER |
00000cam a2200000 a 4500 |
| 001 |
in00000020677 |
| 005 |
20220103115025.0 |
| 007 |
cr unu a |
| 008 |
880718s1987 xx a b 00010 eng d |
| 035 |
|
|
|9 AAB3632AM
|
| 035 |
|
|
|a (OCoLC)18230837
|
| 040 |
|
|
|a TXA
|c TXA
|d UtOrBLW
|
| 049 |
|
|
|a TXAZ [Also in] [Archives]
|c 1 [A10995327], 2 [A10995377]
|
| 099 |
|
|
|a 1987
|a Thesis
|a L211
|
| 100 |
1 |
|
|a Lally, Audrey Ann,
|d 1961-
|
| 245 |
1 |
4 |
|a The effect of cooking preparations on the residual sulfite concentrations in shrimp /
|c by Audrey Ann Lally.
|
| 264 |
|
1 |
|a [Place of publication not identified] :
|b [publisher not identified] ;
|c 1987.
|
| 300 |
|
|
|a ix, 38 leaves :
|b illustrations ;
|c 29 cm.
|
| 336 |
|
|
|a text
|b txt
|2 rdacontent
|
| 337 |
|
|
|a computer
|b c
|2 rdamedia
|
| 338 |
|
|
|a online resource
|b cr
|2 rdacarrier
|
| 500 |
|
|
|a "Major subject: Food Science and Technology."
|
| 500 |
|
|
|a Typescript (photocopy).
|
| 500 |
|
|
|a Vita.
|
| 502 |
|
|
|b M.S.
|c Texas A&M University
|d 1987.
|
| 504 |
|
|
|a Bibliography: leaves 35-37.
|
| 530 |
|
|
|a Also available online.
|
| 650 |
|
0 |
|a Cooking (Shrimp)
|
| 650 |
|
0 |
|a Shrimps.
|
| 650 |
|
0 |
|a Sulfites.
|
| 650 |
|
4 |
|a Major food science and technology.
|
| 856 |
4 |
1 |
|u https://hdl.handle.net/1969.1/ETD-TAMU-1987-THESIS-L211
|z Link to OAKTrust copy
|t 0
|
| 999 |
|
|
|a MARS
|
| 999 |
f |
f |
|s 44890c79-d416-3c13-b320-46f30dd1e662
|i 4c3d5f4a-c3c6-3253-941e-a2057d25fa16
|t 0
|
| 952 |
f |
f |
|p noncirc
|a Texas A&M University
|b J.J. Pickle Campus
|c High Density Repository
|s HDR
|d Remote Storage
|t 0
|e 1987 Thesis L211
|h Other scheme
|i computer -- online resource
|m A14839626911
|
| 952 |
f |
f |
|a Texas A&M University
|b College Station
|c Electronic Resources
|s www_evans
|d Available Online
|t 0
|e 1987 Thesis L211
|h Other scheme
|
| 998 |
f |
f |
|a 1987 Thesis L211
|t 0
|l Remote Storage
|
| 998 |
f |
f |
|a 1987 Thesis L211
|t 0
|l Available Online
|